Statystyki dla Zwycięzcy konkursów w sezonie 2006/2007 w skokach narciarskich

Kliknij tutaj aby rozwiązać quiz!

Ogólne statystyki

  • Ten quiz został rozwiązany 22 razy
  • Średni wynik to 5 z 8

Statystyki odpowiedzi

Liczba
zwycięstw
Skoczek/zawodnik% Poprawnych
9Adam Małysz
100%
5Gregor Schlierenzauer
90%
2Simon Ammann
90%
4Anders Jacobsen
80%
1Andreas Küttel
55%
1Arttu Lappi
40%
1Michael Uhrmann
40%
1Rok Urbanc
40%

Rozkład punktacji

Percentyl według liczby udzielonych odpowiedzi

Procent ludzi z każdym wynikiem

Twoja historia wyników

Nie rozwiązałeś tego quizu